<?xml version="1.0" encoding="UTF-8"?>
<record
    xmlns:xsi="http://www.w3.org/2001/XMLSchema-instance"
    xsi:schemaLocation="http://www.loc.gov/MARC21/slim http://www.loc.gov/standards/marcxml/schema/MARC21slim.xsd"
    xmlns="http://www.loc.gov/MARC21/slim">

  <leader>00616nam a2200217Ia 4500</leader>
  <datafield tag="999" ind1=" " ind2=" ">
    <subfield code="c">49242</subfield>
    <subfield code="d">49242</subfield>
  </datafield>
  <controlfield tag="001">16155</controlfield>
  <controlfield tag="003">GE_BSU</controlfield>
  <controlfield tag="005">20220926110737.0</controlfield>
  <controlfield tag="008">181216s2011||||enk|||||||||||||| ||eng||</controlfield>
  <datafield tag="020" ind1=" " ind2=" ">
    <subfield code="a">9780763771539</subfield>
  </datafield>
  <datafield tag="040" ind1=" " ind2=" ">
    <subfield code="c">GE_BSU</subfield>
  </datafield>
  <datafield tag="080" ind1=" " ind2=" ">
    <subfield code="a">630  V-26</subfield>
  </datafield>
  <datafield tag="100" ind1=" " ind2=" ">
    <subfield code="a">Vandermeer, John H.</subfield>
    <subfield code="9">14773</subfield>
  </datafield>
  <datafield tag="245" ind1=" " ind2="4">
    <subfield code="a">The Ecology of Agroecosystems /</subfield>
    <subfield code="c"> Vandermeer,  John H. </subfield>
  </datafield>
  <datafield tag="264" ind1=" " ind2=" ">
    <subfield code="a">Boston :</subfield>
    <subfield code="c">2011.</subfield>
  </datafield>
  <datafield tag="300" ind1=" " ind2=" ">
    <subfield code="a">386 p.;</subfield>
    <subfield code="b">23 cm.</subfield>
  </datafield>
  <datafield tag="653" ind1=" " ind2=" ">
    <subfield code="a">&#x10D0;&#x10D2;&#x10E0;&#x10DD;&#x10D4;&#x10D9;&#x10DD;&#x10E1;&#x10D8;&#x10E1;&#x10E2;&#x10D4;&#x10DB;&#x10D0;</subfield>
  </datafield>
  <datafield tag="653" ind1=" " ind2=" ">
    <subfield code="a">&#x10D4;&#x10D9;&#x10DD;&#x10DA;&#x10DD;&#x10D2;&#x10D8;&#x10D0;</subfield>
  </datafield>
  <datafield tag="653" ind1=" " ind2=" ">
    <subfield code="a">&#x42D;&#x43A;&#x43E;&#x43B;&#x43E;&#x433;&#x438;&#x44F; &#x430;&#x433;&#x440;&#x43E;&#x44D;&#x43A;&#x43E;&#x441;&#x438;&#x441;&#x442;&#x435;&#x43C;</subfield>
  </datafield>
  <datafield tag="942" ind1=" " ind2=" ">
    <subfield code="c">BK</subfield>
    <subfield code="2">udc</subfield>
  </datafield>
  <datafield tag="952" ind1=" " ind2=" ">
    <subfield code="0">0</subfield>
    <subfield code="1">0</subfield>
    <subfield code="2">udc</subfield>
    <subfield code="4">0</subfield>
    <subfield code="6">630_V26</subfield>
    <subfield code="7">0</subfield>
    <subfield code="9">65561</subfield>
    <subfield code="a">CPL</subfield>
    <subfield code="b">CPL</subfield>
    <subfield code="d">2018-12-17</subfield>
    <subfield code="g">243.00</subfield>
    <subfield code="o">630  V-26</subfield>
    <subfield code="p">40314</subfield>
    <subfield code="r">2018-12-17</subfield>
    <subfield code="t">40314</subfield>
    <subfield code="w">2018-12-17</subfield>
    <subfield code="y">BK</subfield>
    <subfield code="z">243 &#x10DA;.</subfield>
  </datafield>
</record>
